000 01097nam a22002537a 4500
005 20170124103120.0
010 _aA-957728
020 _c125.00
035 _aA-957728
037 _bCen Lib/Ret
040 _aDPL
_bHN
082 _a302.23
_bपचौरी
100 _aपचौरी, सुधीश
_981825
245 _aमीडिया और साहित्य /
_cसुधीश पचौरी
246 _aMedia aur sahitya /
_bby Sudheesh Pachari
260 _a दिल्ली
_bराजसूर्या प्रकाशन
_c2000
270 _b दिल्ली
_aडी-ब्लाक, 2/41, गांवड़ी एक्सटेंशन, भजनपुरा
_e110053
300 _a132पृ.
_c20सेमी(सजिल्द )
650 _aमीडिया--साहित्य
_x
_z
_981826
650 _aमीडिया--सूचना प्रसार
_981827
650 _aMedia - Literature
_981828
650 _aMedia - Information Dissemination
_981829
942 _2ddc
_cHN
_h302.23
_mपचौरी
999 _c118768
_d118768